000 00831nam a2200253 4500
003 MX-MxINE
005 20260601193903.0
008 260508b2010 xxua|||| |||| 00| 0 eng d
020 _a9781592536115
020 _a1592536115
040 _aICI
_bspa
_cICI
_erda
041 _aeng
050 _aNC1002.L63
_bH63
100 1 _aHodgson, Michael,
_eautor
_934137
245 _aRecycling & redesigning logos :
_ba designer's guide to refreshing & rethinking design /
_cMichael Hodgson with Matthew Porter
264 3 _aBeverly, Massachusetts :
_bRockport Publishers, |
_cc2010
300 _a191 páginas:
_bilustraciones
336 _2rdacontent
_atexto
337 _2rdamedia
_asin medio
338 _2rdacarrier
_avolumen
650 _aLogotipos
_xDiseño
700 _aPorter, Matthew,
_ecolaborador
_934139
942 _2lcc
_n1
_cB
999 _c22301
_d22301